000 00411nam a2200133Ia 4500
008 231017s9999 xx 000 0 und d
082 _a624.183
082 _bMIR
245 0 _aNCHRP Report 609: Recommended Construction Specifications and Process Control Manual for Repair and Retrofit of Concrete Structures using Bonded FRP Composites
245 0 _cTRB
260 _bTRB
300 _c30cm
942 _cREP
999 _c603867
_d603867